[Event "Linz"]
[Site "?"]
[Date "1997.??.??"]
[Round "?"]
[White "Beim, V."]
[Black "Korchnoi, V."]
[Result "1-0"]
[WhiteElo "2555"]
[BlackElo "2635"]
[PlyCount "165"]
[EventDate "1997.??.??"]
[Source "ChessBase"]
[SourceDate "1997.02.01"]

1. c4 e6 2. Nc3 Bb4 3. Qb3 Nc6 4. Nf3 Nf6 5. a3 Bc5 6. d3 h6 7. g3 d5 8. Bg2 O-O 9. O-O d4 10. Na4 Bd6 11. Qc2 a5 12. Bd2 Re8 13. c5 Bf8 14. b4 e5 15. b5 Na7 16. Rab1 Bd7 17. Qc4 b6 18. e3 Be6 19. Qc2 Bd5 20. e4 Bb7 21. Rfc1 Rb8 22. Be1 Ba8 23. cxb6 cxb6 24. Qc7 Bxa3 25. Qxd8 Rexd8 26. Rc7 Rd7 27. Rxd7 Nxd7 28. Bh3 Nc5 29. Nxc5 bxc5 30. Bxa5 c4 31. dxc4 Bxe4 32. Rb3 Bd6 33. Nd2 Ba8 34. f3 g6 35. Ne4 Bxe4 36. fxe4 Nc6 37. Bd2 Nd8 38. Rb1 Nb7 39. Bd7 Ra8 40. Bc6 Ra2 41. Bxh6 Nc5 42. Rf1 Kh7 43. Bg5 Ne6 44. Rxf7+ Kg8 45. Rf6 Nxg5 46. Rxg6+ Kh7 47. Rxd6 Nf3+ 48. Kf1 Nd2+ 49. Ke1 Nxc4 50. Rd7+ Kh6 51. Bd5 Ra1+ 52. Ke2 Nb2 53. b6 d3+ 54. Kd2 Rd1+ 55. Kc3 Na4+ 56. Kb4 Nxb6 57. Rd6+ Kg5 58. Bb3 Rh1 59. Rxb6 Rxh2 60. Rd6 Re2 61. Rxd3 Rxe4+ 62. Kc3 Re1 63. Kd2 Rg1 64. Bd1 Kf5 65. Be2 e4 66. Ra3 Ke5 67. g4 Kd4 68. Ra4+ Ke5 69. Ra8 Rg3 70. Rf8 Rg2 71. Ke1 Kd4 72. Kf1 Rh2 73. g5 Ke3 74. g6 Rh1+ 75. Kg2 Rh6 76. Rf6 Kxe2 77. g7 Rxf6 78. g8=Q Rf2+ 79. Kg3 e3 80. Qd5 Rf1 81. Qc4+ Ke1 82. Qd3 Rg1+ 83. Kh2 1-0

[Event "2nd IECC, Ohrid MKD"]
[Site "?"]
[Date "2001.??.??"]
[Round "4"]
[White "Narciso Dublan, M."]
[Black "Jussupow, A."]
[Result "1/2-1/2"]
[WhiteElo "2540"]
[BlackElo "2645"]
[PlyCount "46"]
[EventDate "2001.??.??"]
[Source "www.chesslib.no"]
[SourceDate "2004.05.04"]

1. c4 e6 2. g3 d5 3. Bg2 Nf6 4. Nf3 dxc4 5. O-O Nbd7 6. Qa4 c5 7. Qxc4 b6 8. Ng5 Rb8 9. Nc3 h6 10. Nge4 Nxe4 11. Nxe4 Bb7 12. d4 Bd5 13. Qd3 cxd4 14. Qxd4 Nc5 15. Qe5 Nd7 16. Nd6+ Bxd6 17. Qxd6 Nf6 18. Bf4 Qxd6 19. Bxd6 Rd8 20. Ba3 Bxg2 21. Kxg2 Rd5 22. Rfd1 Kd7 23. Rxd5+ exd5 1/2-1/2

[Event "Nikolaev zt"]
[Site "Nikolaev"]
[Date "1995.??.??"]
[Round "7"]
[White "Onischuk, Alexander"]
[Black "Romanishin, Oleg M"]
[Result "1/2-1/2"]
[WhiteElo "2590"]
[BlackElo "2595"]
[PlyCount "38"]
[EventDate "1995.03.??"]
[Source "ChessBase"]

1. Nf3 Nf6 2. c4 e6 3. b3 c5 4. g3 d5 5. Bg2 d4 6. e3 Nc6 7. exd4 cxd4 8. O-O Bd6 9. d3 h6 10. Na3 O-O 11. Nc2 a5 12. Rb1 e5 13. a3 Rb8 14. b4 b5 15. Nh4 Ne7 16. c5 Bc7 17. bxa5 Bxa5 18. Bd2 Bxd2 19. Qxd2 Qc7 1/2-1/2

[Event "New York op"]
[Site "New York"]
[Date "1998.03.19"]
[Round "6"]
[White "Minasian, Artashes"]
[Black "Aleksandrov, Aleksej"]
[Result "1-0"]
[WhiteElo "2570"]
[BlackElo "2615"]
[PlyCount "139"]
[EventDate "1998.03.16"]
[Source "ChessBase"]
[SourceDate "1998.06.15"]

1. Nf3 Nf6 2. c4 e6 3. g3 d5 4. Bg2 dxc4 5. Qa4+ Nbd7 6. Qxc4 a6 7. Qb3 c5 8. a4 Nd5 9. a5 Nb4 10. d3 Nc6 11. Bd2 Bd6 12. Bc3 O-O 13. Nbd2 Bc7 14. Nc4 Nf6 15. Qa3 Qe7 16. O-O e5 17. Rac1 Bg4 18. Rfe1 Rad8 19. Nfd2 Nd7 20. Ne3 Be6 21. Nd5 Bxd5 22. Bxd5 Nf6 23. Bxc6 bxc6 24. Qa4 Qe6 25. Qc4 Qxc4 26. Nxc4 Nd7 27. e4 f6 28. Kf1 Rf7 29. Ke2 Nf8 30. Rf1 Ne6 31. Ke3 Rfd7 32. Rcd1 Kf8 33. h4 h5 34. Rd2 Ke7 35. f4 exf4+ 36. gxf4 Bxf4+ 37. Rxf4 Nxf4 38. Kxf4 Rxd3 39. Rxd3 Rxd3 40. e5 Ke6 41. exf6 gxf6 42. Ne3 Rd8 43. Kf3 Rg8 44. Ng2 Kf5 45. Nf4 Rg4 46. Nxh5 Rxh4 47. Ng7+ Kg6 48. Ne6 Rh3+ 49. Kg4 Rh8 50. Nc7 f5+ 51. Kg3 Rg8 52. Kf4 Kf7 53. Kxf5 Ke7 54. Nxa6 Ra8 55. Nxc5 Kd6 56. Ne4+ Kd7 57. Nf6+ Kd6 58. b4 Kc7 59. Ne4 Rd8 60. Be5+ Kb7 61. Nc5+ Ka7 62. Ke6 Rd1 63. Bd6 Rd4 64. Nd7 Kb7 65. Ne5 Rd1 66. Kd7 Rc1 67. Nd3 Rc4 68. Nc5+ Ka7 69. Ne6 Ka6 70. Nc7+ 1-0